000 00930nam a2200241Ia 4500
003 OSt
005 20220923223436.0
006 a|||||r|||| 00| 0
007 ta
008 220922b |||||||| |||| 00| 0 hin d
024 _a215,415
037 _cTextual
040 _aARTS
_cARTS
_bhin
041 _2hin
_ahin
082 _aO152,3M83x, M7;P0
100 _aगुलेरी, चद्रंधर शर्मा; मनोहर लाल, संपा.
_9167424
245 0 _aउसने कहा था और अन्य कहानियॉं
246 _aUsane kahā thā aur anya kahāniyaॉan
260 _aदिल्ली
_b जगतराम एण्ड सन्स
_c2002
300 _a251 पृ.
_ccm.
942 _hO152,3M83x, M7;P0
_cTEXL
_2CC
999 _c365311
_d365311